000 00361nam a2200145Ia 4500
008 191201s2004 xx 000 0 und d
082 _a530.143
_bGAF
100 _aGANGADHAR, K A
245 0 _aField Theory Electromagnet field and Waves
250 _a3rd
260 _aN.Delhi
_bKhanna Publisher
_c2004
300 _a838
650 _aApplied
942 _2ddc
_cBK
999 _c2185
_d2185